Movies Quiz

Random Movies or Disney Quiz

The Lion King Characters Quiz Stats

 Plays Quiz not verified by Sporcle

Score 0/12 Timer 04:00
0 Plays Today
Character % Correct
Scar
98.2%
Timon
96.8%
Simba
96.2%
Nala
95.8%
Mufasa
92.8%
Rafiki
91.2%
Zazu
88.4%
Pumbaa
87.6%
Ed
82.6%
Sarabi
67.6%
Shenzi
67.4%
Banzai
55.7%

You're not logged in!

Compare scores with friends on all Sporcle quizzes.
OR
Log In

Sporcle TV

Today on Sporcle TV


Watch our educational content, quiz creation guides, and fun videos on Sporcle TV.

Show Comments

Extras

Top Quizzes Today


Score Distribution

Your Account Isn't Verified!

In order to create a playlist on Sporcle, you need to verify the email address you used during registration. Go to your Sporcle Settings to finish the process.

Report this User

Report this user for behavior that violates our Community Guidelines.

Details: